| 000 | 00476nam a22001337a 4500 | ||
|---|---|---|---|
| 003 | ASAB | ||
| 005 | 20180827062611.0 | ||
| 008 | 160201t xxu||||| |||| 00| 0 eng d | ||
| 040 | _cASAB | ||
| 100 |
_aAbdul mohaimen talha mehmood-sup-Dr. Nasar um Minullah _91513 |
||
| 245 | _aTh-Mphil-Identification and characterization of glutathione S-transferase and superoxide dismutase against zinc oxide and silver nanoparticles in capsicum annuum. | ||
| 300 | _a69 | ||
| 942 |
_2ddc _cCR |
||
| 999 |
_c479964 _d479964 |
||